[Event "Hradec Kralove Region-chT 2223"]
[Site "Czech Republic"]
[Date "2022.10.09"]
[Round "1.2"]
[White "Ruda, Ondrej"]
[Black "Sedivy, Martin"]
[Result "1/2-1/2"]
[WhiteElo "2019"]
[BlackElo "2123"]
[PlyCount "23"]
[EventDate "2022.10.09"]
[EventType "team-tourn"]
[EventRounds "11"]
[EventCountry "CZE"]
[SourceTitle "EXT 2024"]
[Source "ChessBase"]
[SourceDate "2023.10.10"]
[SourceVersion "1"]
[SourceVersionDate "2023.10.10"]
[SourceQuality "1"]

1. e4 e6 2. d4 d5 3. exd5 exd5 4. Nf3 Nf6 5. Bd3 Bd6 6. Bg5 Qe7+ 7. Qe2 Qxe2+ 8. Bxe2 Ne4 9. 0-0 0-0 10. Bh4 Bg4 11. h3 Bh5 12. Re1 1/2-1/2

[Event "CZE-chT2C 1819"]
[Site "Czech Republic"]
[Date "2019.03.31"]
[Round "11.4"]
[White "Haba, Zdenek"]
[Black "Sedivy, Martin"]
[Result "1/2-1/2"]
[WhiteElo "2158"]
[BlackElo "2159"]
[PlyCount "24"]
[EventDate "2018.10.14"]
[EventType "team-tourn"]
[EventRounds "11"]
[EventCountry "CZE"]
[SourceTitle "EXT 2022"]
[Source "ChessBase"]
[SourceDate "2021.10.06"]
[SourceVersion "1"]
[SourceVersionDate "2021.10.06"]
[SourceQuality "1"]
[WhiteTeam "Praha Mahrla"]
[BlackTeam "Lipa"]
[WhiteTeamCountry "CZE"]
[BlackTeamCountry "CZE"]

1. d4 Nf6 2. c4 e5 3. dxe5 Ng4 4. Bf4 Nc6 5. Nf3 Bb4+ 6. Nbd2 Qe7 7. e3 Ngxe5 8. Nxe5 Nxe5 9. Be2 0-0 10. 0-0 Bxd2 11. Qxd2 d6 12. Qc3 b6 1/2-1/2

[Event "CZE-chT2D 1718"]
[Site "Czech Republic"]
[Date "2018.01.28"]
[Round "7.4"]
[White "Valenta, Vit"]
[Black "Sedivy, Martin"]
[Result "1/2-1/2"]
[WhiteElo "2107"]
[BlackElo "2113"]
[PlyCount "104"]
[EventDate "2017.10.15"]
[EventType "team-tourn"]
[EventRounds "11"]
[EventCountry "CZE"]
[SourceTitle "EXT 2022"]
[Source "ChessBase"]
[SourceDate "2021.10.06"]
[SourceVersion "1"]
[SourceVersionDate "2021.10.06"]
[SourceQuality "1"]
[WhiteTeam "Velke Losiny"]
[BlackTeam "Lipa"]
[WhiteTeamCountry "CZE"]
[BlackTeamCountry "CZE"]

1. Nf3 Nf6 2. c4 b6 3. g3 Bb7 4. Bg2 e6 5. 0-0 Be7 6. b3 0-0 7. Bb2 d6 8. d4 Nbd7 9. Nc3 c5 10. e3 Rc8 11. dxc5 dxc5 12. Nb5 a6 13. Nd6 Bxd6 14. Qxd6 Rc6 15. Qd3 Rc8 16. Rfd1 Nb8 17. Qd6 Qxd6 18. Rxd6 Rc6 19. Rad1 Rxd6 20. Rxd6 Nfd7 21. Ne5 Bxg2 22. Nxd7 Nxd7 23. Kxg2 Rd8 24. a4 a5 25. Kf3 Kf8 26. Ke2 Ke7 27. Rc6 f6 28. f4 Rb8 29. g4 Nf8 30. Rc7+ Nd7 31. e4 Kd6 32. Ra7 e5 33. fxe5+ fxe5 34. Bc1 Rf8 35. Be3 Rh8 36. h4 h6 37. g5 h5 38. Kd3 Rf8 39. Ke2 g6 40. Bd2 Kc6 41. Be3 Rb8 42. Bc1 Rb7 43. Ra8 Rb8 44. Ra7 Kd6 45. Be3 Ke7 46. Rc7 Kd6 47. Ra7 Rc8 48. Kf3 Ke7 49. Ke2 Kd8 50. Kd3 Rb8 51. Bc1 Kc8 52. Bb2 Rb7 1/2-1/2

[Event "CZE-chT2D 1718"]
[Site "Czech Republic"]
[Date "2017.10.15"]
[Round "1.4"]
[White "Sedivy, Martin"]
[Black "Tesar, Jan"]
[Result "1-0"]
[WhiteElo "2113"]
[BlackElo "2118"]
[PlyCount "65"]
[EventDate "2017.10.15"]
[EventType "team-tourn"]
[EventRounds "11"]
[EventCountry "CZE"]
[SourceTitle "EXT 2022"]
[Source "ChessBase"]
[SourceDate "2021.10.06"]
[SourceVersion "1"]
[SourceVersionDate "2021.10.06"]
[SourceQuality "1"]
[WhiteTeam "Lipa"]
[BlackTeam "Dalesice Pivovar"]
[WhiteTeamCountry "CZE"]
[BlackTeamCountry "CZE"]

1. e4 c5 2. b3 Nc6 3. Bb2 e5 4. Nf3 d6 5. Bb5 Nf6 6. Bxc6+ bxc6 7. d3 g6 8. Nbd2 Bg7 9. Qe2 0-0 10. 0-0-0 Nh5 11. Ne1 Nf4 12. Qf1 Rb8 13. f3 Ne6 14. h4 Bh6 15. h5 Bxd2+ 16. Rxd2 Qa5 17. hxg6 fxg6 18. a4 Nd4 19. Bxd4 cxd4 20. g3 Qc3 21. Kd1 d5 22. Rh6 dxe4 23. dxe4 Qa1+ 24. Ke2 Ba6+ 25. Nd3 Qc3 26. Qh3 Rxf3 27. Qe6+ Rf7 28. Rxh7 Kxh7 29. Qxf7+ Kh6 30. Kd1 Rb7 31. Qf8+ Kg5 32. Qd8+ Kg4 33. Qh4+ 1-0

[Event "CZE-chT2D 1617"]
[Site "Czech Republic"]
[Date "2016.11.27"]
[Round "4.5"]
[White "Sedivy, Martin"]
[Black "Jaeger, Ludek"]
[Result "1-0"]
[WhiteElo "2026"]
[BlackElo "2026"]
[PlyCount "51"]
[EventDate "2016.10.09"]
[EventType "team-tourn"]
[EventRounds "11"]
[EventCountry "CZE"]
[SourceTitle "EXT 2022"]
[Source "ChessBase"]
[SourceDate "2021.10.06"]
[SourceVersion "1"]
[SourceVersionDate "2021.10.06"]
[SourceQuality "1"]
[WhiteTeam "Lipa"]
[BlackTeam "Hradec Kralove II"]
[WhiteTeamCountry "CZE"]
[BlackTeamCountry "CZE"]

1. e4 c5 2. b3 Nc6 3. Bb2 Nf6 4. Nc3 b6 5. f4 e6 6. Nf3 Be7 7. e5 Nh5 8. g3 Bb7 9. Bg2 0-0 10. Qe2 g6 11. d3 d5 12. 0-0-0 a6 13. Bh3 b5 14. Bg4 Ng7 15. h4 Qa5 16. h5 b4 17. Na4 c4 18. dxc4 dxc4 19. hxg6 c3 20. Qh2 cxb2+ 21. Kxb2 h5 22. Bxh5 Nf5 23. Bg4 Nh4 24. Nxh4 Nxe5 25. Nf5 Nc4+ 26. Kc1 1-0

[Event "CZE-ch U20 sf"]
[Site "Frydek Mistek"]
[Date "2014.11.19"]
[Round "5"]
[White "Tuma, Jan"]
[Black "Sedivy, Martin"]
[Result "0-1"]
[WhiteElo "2200"]
[BlackElo "1942"]
[PlyCount "106"]
[EventDate "2014.11.16"]
[EventType "swiss"]
[EventRounds "9"]
[EventCountry "CZE"]
[SourceTitle "CBM 163 Extra"]
[Source "ChessBase"]
[SourceDate "2014.12.23"]
[SourceVersion "1"]
[SourceVersionDate "2014.12.23"]
[SourceQuality "1"]

1. e4 e5 2. Nf3 Nc6 3. Bb5 f5 4. Nc3 fxe4 5. Nxe4 d5 6. Nxe5 dxe4 7. Nxc6 Qg5 8. Nxa7+ c6 9. Nxc8 cxb5 10. Nb6 Ra6 11. Qe2 Rxb6 12. Qxe4+ Qe7 13. Qxe7+ Bxe7 14. 0-0 Nf6 15. Re1 Kf7 16. d3 Rc6 17. c3 Rd8 18. d4 b4 19. Bd2 bxc3 20. bxc3 h6 21. Rab1 Rd7 22. f3 Nd5 23. Rec1 Rdc7 24. Rb3 Bf6 25. Rcb1 Nxc3 26. Bxc3 Rxc3 27. Rxb7 Bxd4+ 28. Kf1 Rxb7 29. Rxb7+ Ke6 30. Rb1 Rc2 31. Re1+ Kf5 32. Re4 Bc5 33. Re2 Rc1+ 34. Re1 Rxe1+ 35. Kxe1 Ke5 36. Ke2 Bg1 37. g3 Bb6 38. Kd3 Kd5 39. a3 Bc5 40. a4 Bb6 41. f4 Bg1 42. Ke2 Ke4 43. Kf1 Bc5 44. Kg2 Bb6 45. h3 h5 46. h4 Kf5 47. Kh3 Ba5 48. Kg2 Kg4 49. Kf2 Bb6+ 50. Kg2 g6 51. Kh2 Bf2 52. a5 Bxg3+ 53. Kg2 Bxf4 0-1

[Event "Czech Fed-ch opA"]
[Site "Hrdonov"]
[Date "2013.10.26"]
[Round "1"]
[White "Kabelka, Ondrej"]
[Black "Sedivy, Martin"]
[Result "1/2-1/2"]
[WhiteElo "1640"]
[BlackElo "1946"]
[PlyCount "97"]
[EventDate "2013.10.26"]
[EventType "swiss"]
[EventRounds "9"]
[EventCountry "CZE"]
[SourceTitle "EXT 2016"]
[Source "ChessBase"]
[SourceDate "2015.10.08"]
[SourceVersion "1"]
[SourceVersionDate "2015.10.08"]
[SourceQuality "1"]

1. c4 Nf6 2. Nc3 g6 3. g3 Bg7 4. Bg2 0-0 5. e4 d6 6. Nge2 a6 7. d4 c5 8. 0-0 cxd4 9. Nxd4 Qc7 10. Nd5 Nxd5 11. cxd5 e5 12. dxe6 Bxe6 13. Bf4 Rd8 14. Rc1 Nc6 15. Nxe6 fxe6 16. Bh3 Qe7 17. Re1 Bxb2 18. Rb1 Bc3 19. Re2 Be5 20. Bxe5 dxe5 21. Rd2 Nd4 22. Kh1 b5 23. f4 Nc6 24. Rbb2 exf4 25. gxf4 e5 26. Qb3+ Kg7 27. f5 Rxd2 28. Rxd2 Nd4 29. Qg3 Rc8 30. f6+ Qxf6 31. Bxc8 Qf1+ 32. Qg1 Qxg1+ 33. Kxg1 Nf3+ 34. Kg2 Nxd2 35. Bxa6 Nxe4 36. Bxb5 Nd6 37. a4 Kf6 38. Kf3 e4+ 39. Ke3 Ke5 40. Be2 Nf5+ 41. Kf2 Kf4 42. a5 Nd4 43. a6 e3+ 44. Kf1 Nc6 45. Kg2 g5 46. h3 h6 47. Bb5 Na7 48. Be2 Ke4 49. Kg3 1/2-1/2

[Event "Janske Lazne op"]
[Site "Janske Lazne"]
[Date "2013.05.11"]
[Round "7"]
[White "Vystrcil, Martin"]
[Black "Sedivy, Martin"]
[Result "1/2-1/2"]
[WhiteElo "1743"]
[BlackElo "1989"]
[PlyCount "35"]
[EventDate "2013.05.07"]
[EventType "swiss"]
[EventRounds "8"]
[EventCountry "CZE"]
[SourceTitle "CBM 154 Extra"]
[Source "ChessBase"]
[SourceDate "2013.06.25"]
[SourceVersion "2"]
[SourceVersionDate "2013.06.25"]
[SourceQuality "1"]

1. e4 g6 2. d4 Bg7 3. Nf3 c6 4. Nc3 d6 5. Be3 Nf6 6. Be2 0-0 7. h3 b5 8. a3 Bb7 9. 0-0 a5 10. e5 Ne8 11. Bf4 Nd7 12. Bd3 dxe5 13. Nxe5 Nxe5 14. dxe5 e6 15. Qe2 Qd4 16. Qe4 Qb6 17. Qe2 Qd4 18. Qe4 1/2-1/2

[Event "Janske Lazne op"]
[Site "Janske Lazne"]
[Date "2013.05.09"]
[Round "4"]
[White "Sedivy, Martin"]
[Black "Svec, Ludek"]
[Result "1-0"]
[WhiteElo "1989"]
[BlackElo "1795"]
[PlyCount "49"]
[EventDate "2013.05.07"]
[EventType "swiss"]
[EventRounds "8"]
[EventCountry "CZE"]
[SourceTitle "CBM 154 Extra"]
[Source "ChessBase"]
[SourceDate "2013.06.25"]
[SourceVersion "2"]
[SourceVersionDate "2013.06.25"]
[SourceQuality "1"]

1. e4 c5 2. b3 Nf6 3. e5 Nd5 4. Nf3 Nc6 5. Bb2 e6 6. Bb5 Be7 7. Bxc6 dxc6 8. 0-0 b5 9. d4 0-0 10. Nbd2 Bb7 11. Re1 a6 12. dxc5 Bxc5 13. Ne4 Be7 14. c4 Nf4 15. Nd6 Bxd6 16. exd6 c5 17. Qd2 Nh5 18. Re3 Nf6 19. Rd1 b4 20. Ba1 a5 21. Ne5 a4 22. Qb2 a3 23. Qe2 Ra6 24. Ng4 Nh5 25. Nh6+ 1-0